Campeões da Copa São Paulo de Futebol Júnior - Statistics

Estatísticas Gerais
  • Esse quiz foi jogado 607 vezes
  • A pontuação média é 41 de 50
Estatísticas das Respostas
Ano Clube % Correto
1969 Corinthians
99%
1970 Corinthians
99%
1995 Corinthians
99%
1999 Corinthians
99%
2004 Corinthians
99%
2005 Corinthians
99%
2009 Corinthians
99%
2012 Corinthians
99%
2015 Corinthians
99%
2017 Corinthians
99%
1993 São Paulo
99%
2000 São Paulo
99%
2010 São Paulo
99%
2019 São Paulo
99%
1990 Flamengo
97%
2011 Flamengo
97%
2016 Flamengo
97%
2018 Flamengo
97%
1984 Santos
97%
2013 Santos
97%
2014 Santos
97%
1971 Fluminense
94%
1973 Fluminense
94%
1977 Fluminense
94%
1986 Fluminense
94%
1989 Fluminense
94%
1992 Vasco da Gama
93%
1974 Internacional
91%
1978 Internacional
91%
1980 Internacional
91%
1998 Internacional
91%
1975 Atlético Mineiro
90%
1976 Atlético Mineiro
90%
1983 Atlético Mineiro
90%
2007 Cruzeiro
90%
1994 Guarani
68%
1991 Portuguesa
68%
2002 Portuguesa
68%
1981 Ponte Preta
66%
1982 Ponte Preta
66%
1996 América Mineiro
54%
2003 Santo André
50%
1997 Paulista
49%
2008 Figueirense
46%
1985 Juventus
46%
1972 Nacional
39%
1988 Nacional
39%
2001 Roma Barueri
35%
1979 Marília
24%
2006 América-SP
22%
Nenhum quiz correspondente encontrado
Distribuição das Pontuações
Porcentagem de Pessoas com Cada Pontuação
Percentil de Números Respondidos
Sua Pontuação Histórica
Você não jogou esse quiz